000 004650000a22001810004500
003 MACL
005 20151028152542.0
008 151028b xxu||||| |||| 00| 0 eng d
040 _aMACL
_cMACL
041 _aEnglish
082 _a954/MOK
100 _aKumar Mukhopadhyaya, Air Marshal Amar
_917212
245 _aSuperpowering India
260 _aNew Delhi
_bManas publications
_c2009
350 _a795/-
690 _aIndian History
942 _cBK
_k954/ MOK
_2ddc
999 _c44634
_d44634